<?xml version="1.0" encoding="UTF-8"?>
<record
    xmlns:xsi="http://www.w3.org/2001/XMLSchema-instance"
    xsi:schemaLocation="http://www.loc.gov/MARC21/slim http://www.loc.gov/standards/marcxml/schema/MARC21slim.xsd"
    xmlns="http://www.loc.gov/MARC21/slim">

  <leader>02355nam a2200289Ia 4500</leader>
  <controlfield tag="003">OSt</controlfield>
  <controlfield tag="005">20211029162836.0</controlfield>
  <controlfield tag="008">210310s1999    cl     fr     000 0 spa d</controlfield>
  <datafield tag="020" ind1=" " ind2=" ">
    <subfield code="a">9567813051</subfield>
  </datafield>
  <datafield tag="040" ind1=" " ind2=" ">
    <subfield code="a">CO-JMCR</subfield>
    <subfield code="c">CO-JMCR</subfield>
  </datafield>
  <datafield tag="041" ind1="0" ind2=" ">
    <subfield code="a">spa</subfield>
  </datafield>
  <datafield tag="082" ind1="0" ind2="4">
    <subfield code="a">338.983 /</subfield>
    <subfield code="b">I597i</subfield>
    <subfield code="2">23</subfield>
  </datafield>
  <datafield tag="110" ind1="2" ind2=" ">
    <subfield code="a">Instituto Latinoamericano y del Caribe de Planificaci&#xF3;n Econ&#xF3;mica y Social.</subfield>
    <subfield code="9">41356</subfield>
  </datafield>
  <datafield tag="245" ind1="1" ind2="0">
    <subfield code="a">Instituciones y actores del desarrollo territorial en el marco de la globalizaci&#xF3;n / </subfield>
    <subfield code="c">Instituto Latinoamericano y del Caribe de Planificaci&#xF3;n Econ&#xF3;mica y Social, Universidad del B&#xED;o-B&#xED;o</subfield>
  </datafield>
  <datafield tag="250" ind1=" " ind2=" ">
    <subfield code="a">Primera edici&#xF3;n</subfield>
  </datafield>
  <datafield tag="260" ind1=" " ind2=" ">
    <subfield code="a">Santiago de Chile : </subfield>
    <subfield code="b">Ediciones Universidad del B&#xED;o-B&#xED;o, </subfield>
    <subfield code="c">1999</subfield>
  </datafield>
  <datafield tag="300" ind1=" " ind2=" ">
    <subfield code="a">386 p&#xE1;ginas ; </subfield>
    <subfield code="c">28 cm.</subfield>
  </datafield>
  <datafield tag="500" ind1=" " ind2=" ">
    <subfield code="a">Incluye notas a pie de p&#xE1;gina.</subfield>
  </datafield>
  <datafield tag="505" ind1="0" ind2=" ">
    <subfield code="a">Descentralizaci&#xF3;n y desarrollo territorial. Pa&#xED;s arm&#xF3;nico -- Pol&#xED;ticas p&#xFA;blicas, instituciones y actores econ&#xF3;micos. Estudios territoriales -- Conceptos y metodolog&#xED;a del desarrollo territorial -- Pol&#xED;tica y regionalizaci&#xF3;n</subfield>
  </datafield>
  <datafield tag="520" ind1="3" ind2=" ">
    <subfield code="a">El presente libro contiene material conceptual, metodol&#xF3;gico y de campo de primer nivel en el tema del desarrollo y la regionalizaci&#xF3;n en el marco de la globalizaci&#xF3;n.
Se organiza en cuatro temas centrales: I. Descentralizaci&#xF3;n y desarrollo territorial. Pa&#xED;s arm&#xF3;nico; II. Pol&#xED;ticas p&#xFA;blicas, instituciones y actores econ&#xF3;micos. Estudios territoriales; III. Conceptos y metodolog&#xED;as del desarrollo territorial; y IV. Pol&#xED;tica y regionalizaci&#xF3;n, En &#xE9;l los autores reflexionan y argumentan de manera novedosa y universal, con una mirada desde el territorio mismo, tratando cada uno de los temas con imaginaci&#xF3;n y rigurosidad, como resultado de una praxis experimental y te&#xF3;rica madura.
El material aqu&#xED; propuesto constituye un instrumento de consulta y manejo indispensable para l&#xED;deres y actores relevantes del continente, el pa&#xED;s y sus regiones, sean &#xE9;stos acad&#xE9;micos, funcionarios p&#xFA;blicos, empresarios, directivos sociales, estudiantes universitarios y pol&#xED;ticos con la mente y el coraz&#xF3;n puesto en el desarrollo.</subfield>
  </datafield>
  <datafield tag="650" ind1="1" ind2="4">
    <subfield code="a">Descentralizaci&#xF3;n en el gobierno</subfield>
    <subfield code="9">18014</subfield>
    <subfield code="z">Chile</subfield>
  </datafield>
  <datafield tag="650" ind1="2" ind2="4">
    <subfield code="a">Historia econ&#xF3;mica</subfield>
    <subfield code="z">Chile</subfield>
    <subfield code="9">41357</subfield>
  </datafield>
  <datafield tag="650" ind1="2" ind2="4">
    <subfield code="a">Pol&#xED;tica econ&#xF3;mica</subfield>
    <subfield code="9">41358</subfield>
  </datafield>
  <datafield tag="650" ind1="2" ind2="4">
    <subfield code="a">Globalizaci&#xF3;n</subfield>
    <subfield code="9">41359</subfield>
  </datafield>
  <datafield tag="710" ind1="2" ind2=" ">
    <subfield code="a">Universidad del B&#xED;o-B&#xED;o</subfield>
    <subfield code="9">41360</subfield>
  </datafield>
  <datafield tag="942" ind1=" " ind2=" ">
    <subfield code="2">ddc</subfield>
    <subfield code="c">BK</subfield>
  </datafield>
  <datafield tag="999" ind1=" " ind2=" ">
    <subfield code="c">8694</subfield>
    <subfield code="d">8694</subfield>
  </datafield>
  <datafield tag="952" ind1=" " ind2=" ">
    <subfield code="0">0</subfield>
    <subfield code="1">0</subfield>
    <subfield code="2">ddc</subfield>
    <subfield code="4">0</subfield>
    <subfield code="7">0</subfield>
    <subfield code="8">NFIC</subfield>
    <subfield code="a">CPL</subfield>
    <subfield code="b">CPL</subfield>
    <subfield code="d">2018-04-15</subfield>
    <subfield code="e">Donaci&#xF3;n</subfield>
    <subfield code="o">338.983 / I597i</subfield>
    <subfield code="p">430005618</subfield>
    <subfield code="r">2024-05-16 00:00:00</subfield>
    <subfield code="t">Ej.1</subfield>
    <subfield code="y">BK</subfield>
  </datafield>
</record>
